Регионална библиотека "Любен Каравелов" - Русе

Аида (Запис номер 469654)

MARC детайли
000 -Лидер
Контролно поле с фиксирана дължина nam a22 a 4500
003 - Код на организацията, давaща контролен номер
Контролно поле BLK
005 - Дата и час на последна редакция
Контролно поле 20220808114011.0
008 - Елементи от данни с фиксирана дължина
fixed length control field 180409b bul|||||r ||||||| ||bul||
040 ## - Източник на каталожния запис
Идентификатор на билиотеката - собственик на записа BLK
041 ## - Код за език
Код за езика на текст/звукозапис или на отделно заглавие Български
Код за езика КДБФ Български
080 ## - УДК
Текстов определител УДК Либрето. Пояснителни текстове
УДК код - определител по УДК 78.089.1
УДК - код + определител 78.089.1
245 10 - Сведения за заглавието
Заглавие Аида
Подзаглавни данни [Либрето] : Опера в 4 д. от Джузепе Верди
Редно поле (дума) текст от Антонио Гисланцони ; прев. и обраб. според нем. текст на Юлиус Шанц от Р. Р. [Владислав Шак]
257 ## - Страна на издаване
Страна на създаване/издаване България
260 ## - Област на издателските данни
Място на издаване, разпространение и проч. София
Име на издателя, разпространителя и проч. Придворна пeч.
Година на издаване 1896
9 (RLIN) 441842
300 ## - Физическа характеристика
Страници 48 с.
Размери/Мащаб 17 см
380 ## - Жанр
Жанр Изкуство
490 ## - СЕРИИ (Колекции)
9 (RLIN) 479035
Име на серия Библиотека на оперни текстове
№: серия № 1
490 ## - СЕРИИ (Колекции)
9 (RLIN) 435080
Име на серия Колекция Редки и ценни издания
650 #0 - Допълнително описание по предмет – тема
9 (RLIN) 276882
Основно описание – тема или топоним Опери - либрета
653 #7 - Ключова дума – ненормативна
Ключова дума либрета
9 (RLIN) 189876
700 1# - Други автори (авторска отговорност)
9 (RLIN) 142535
Лично име Шак, Владислав
Автороска отговорност (Описва отношението между автора и произведението) прев. и обраб.
700 1# - Други автори (авторска отговорност)
Лично име Гизланцони, Антонио
Автороска отговорност (Описва отношението между автора и произведението) текст
9 (RLIN) 479036
852 ## - Местоположение
Форматна сигнатура Рб 896
Фондова буква Редки и ценни
999 ## - СИСТЕМНИ КОНТРОЛНИ НОМЕРА
Koha biblionumber 469654
Koha biblioitemnumber 469654
942 ## - АРТИКУЛИ
Вид на библиотечния материал Книги
Скрит в OPAC Не
Периодичен библиозапис Да
944 ## - СЪЗДАВАНЕ И РЕДАКЦИЯ на ЗАПИСА
Създаване/Редакция Създаване
Служител, извършил регистрацията/редакцията НР
999 ## - СИСТЕМНИ КОНТРОЛНИ НОМЕРА
Koha biblioitemnumber 469654
Наличности
Код за отписване Код за изгубен артикул Източник на класификационната схема Код за повреда Коз за рестрикции Код за отдаване Артикулен № Име на библиотеката - собственик Име на библиотеката, в която се намира в момента Статус (Текущо местоположение) Дата на вписване в системата Местоположение - отдел Цена в лева Систематично азбучна сигнатура Баркод Цена в евро Служебен тип на артикула
  Не е изгубен Universal Decimal Classification Не е повреден само за читалня Специални фондове ( старопечатни, редки и ценни, фонд М. Арнаудов) 899868 Регионална библиотека "Любен Каравелов" Русе Регионална библиотека "Любен Каравелов" Русе Редки и ценни 2022-08-11 Редки и ценни 5.00 Рб 896 120000874000 2.56 Книги
Vip Innovations Ltd, Rousse, Bulgaria 2025